| 000 | 00746cam a22002653a 4500 | ||
|---|---|---|---|
| 001 | 24135 | ||
| 003 | PGUSA | ||
| 005 | 20140828083521.0 | ||
| 008 | 080103s2008||||xxu|||||s|||||000 1 eng d | ||
| 040 |
_aPGUSA _beng |
||
| 042 | _adc | ||
| 050 | 4 | _aPS | |
| 100 | 1 |
_aGarrett, Randall, _d1927-1987 |
|
| 245 | 1 | 4 |
_aThe Measure of a Man _h[electronic resource] / _cRandall Garrett |
| 260 |
_bProject Gutenberg, _c2008 |
||
| 506 | _aPublic domain in the USA. | ||
| 516 | _aElectronic text | ||
| 653 | _aScience fiction | ||
| 653 | _aExtraterrestrial beings -- Fiction | ||
| 653 | _aShort stories | ||
| 653 | _aSpace flight -- Fiction | ||
| 830 | 0 |
_aProject Gutenberg _v24135 |
|
| 856 | 4 | 0 | _uhttp://www.gutenberg.org/ebooks/24135 |
| 942 | _cEB | ||
| 999 |
_c253390 _d253390 |
||